Chức năng của chữ Hán thời Lý Trần

Chữ Hán và chữ Hán thời Lý Trần...Chức năng của chữ Hán Lý Trần...

Na minha lista:
Detalhes bibliográficos
Autor principal: Nguyễn, Thị Diệu Oanh
Outros Autores: Trần Văn Tri Người hướng dẫn (GVC.Ths.)
Formato: Livro
Idioma:Vietnamese
Publicado em: Đại học Sư Phạm Đại học Đà Nẵng 2008
Assuntos:
Tags: Adicionar Tag
Sem tags, seja o primeiro a adicionar uma tag!
Thư viện lưu trữ: Mạng thư viện Đại học Đà Nẵng
LEADER 01181nam a2200313 4500
001 000011041
003 7269
005 20120111080101.0
008 120111s2008 viesd
041 |a vie 
082 |a 495.922  |b NG-O 
100 1 |a Nguyễn, Thị Diệu Oanh 
245 1 |a Chức năng của chữ Hán thời Lý Trần  |c Nguyễn, Thị Diệu Oanh 
260 |a Đại học Sư Phạm  |b Đại học Đà Nẵng  |c 2008 
300 |a 70 tr.  |c 29 cm. 
500 |a Khóa luận tốt nghiệp 
520 |a Chữ Hán và chữ Hán thời Lý Trần...Chức năng của chữ Hán Lý Trần... 
653 |a Chữ Hán 
700 |a Trần Văn Tri  |c Người hướng dẫn  |e GVC.Ths. 
OWN |a LSP 
AVA |a UDN50  |b LSP  |d 495.922 NG-O  |e available  |t Error 5001 Not defined in file expand_doc_bib_avail.  |f 1  |g 0  |h N  |i 0  |k 1 
999 |a From the UDN01 
AVA |a UDN50  |b LSP  |d 495.922 NG-O  |e available  |t Error 5001 Not defined in file expand_doc_bib_avail.  |f 1  |g 0  |h N  |i 0  |k 1 
TYP |a Monograph 
TYP |a Printed language 
980 |a Mạng thư viện Đại học Đà Nẵng